MARC

LEADER 00000nam0a2200000 4500
001 32659
005 20231030205156.0
035 |a (RuTPU)RU\TPU\book\32958 
035 |a BOOK00000010 
090 |a 32659 
100 |a 20011210d1975 km y0rusy50 ca 
101 1 |a rus  |c fre 
102 |a RU 
105 |a y z 001zy 
200 1 |a Аппроксимация и оптимизация  |e пер. с фр.  |f П.-Ж. Лоран 
210 |a Москва  |c Мир  |d 1975 
215 |a 496 с. 
320 |a Библиогр.: с. 461-492. 
320 |a Предм. указ.: с. 493-494. 
610 1 |a математика 
610 1 |a аппроксимация 
610 1 |a оптимизация 
610 1 |a оптимальные процессы 
610 1 |a математическая теория 
610 1 |a сплайн-функции 
610 1 |a функции 
675 |a 519.47  |v 3 
700 1 |a Лоран  |b П.-Ж. 
801 0 |a RU  |b 63413507  |c 20011210  |g PSBO 
801 2 |a RU  |b 63413507  |c 20150826  |g PSBO 
942 |c BK